[Event "AUT-ch Vor4 Internet"]
[Site "Playchess.com INT"]
[Date "2020.04.25"]
[Round "6"]
[White "Staudacher, Karl Heinz"]
[Black "Bauer, Wolfgang1111"]
[Result "0-1"]
[WhiteElo "1734"]
[BlackElo "1526"]
[PlyCount "48"]
[EventDate "2020.04.25"]
[EventType "swiss (blitz)"]
[EventRounds "9"]
[EventCountry "AUT"]
[SourceTitle "EXT 2021"]
[Source "ChessBase"]
[SourceDate "2020.10.23"]
[SourceVersion "1"]
[SourceVersionDate "2020.10.23"]
[SourceQuality "1"]

1. Nf3 d5 2. c4 dxc4 3. Qa4+ Nc6 4. Qxc4 e6 5. g3 Nf6 6. Bg2 Bd6 7. 0-0 0-0 8. d3 Bd7 9. e4 Ne5 10. Nxe5 Bxe5 11. f4 b5 12. Qc2 Bd4+ 13. Kh1 Bb6 14. Nc3 Rb8 15. b3 c5 16. Bb2 Bc6 17. Rfd1 Qc7 18. Rac1 Rfd8 19. Qe2 Qe7 20. e5 Nd5 21. Nxd5 Bxd5 22. Bxd5 Rxd5 23. d4 cxd4 24. Bxd4 Bxd4 0-1

[Event "AUT-ch Vor3 Internet"]
[Site "Playchess.com INT"]
[Date "2020.04.17"]
[Round "1"]
[White "Staudacher, Karl Heinz"]
[Black "Polterauer, Chiara"]
[Result "0-1"]
[WhiteElo "1734"]
[BlackElo "2178"]
[PlyCount "80"]
[EventDate "2020.04.17"]
[EventType "swiss (blitz)"]
[EventRounds "9"]
[EventCountry "AUT"]
[SourceTitle "CBM 195 Extra"]
[Source "ChessBase"]
[SourceDate "2020.05.31"]
[SourceVersion "1"]
[SourceVersionDate "2020.05.31"]
[SourceQuality "1"]

1. Nf3 d5 2. g3 Nf6 3. Bg2 e6 4. 0-0 Be7 5. b3 0-0 6. c4 c5 7. Bb2 d4 8. e3 Nc6 9. a3 e5 10. exd4 exd4 11. d3 Bg4 12. Qc2 Qd7 13. Re1 Rfe8 14. Nbd2 Bf8 15. Nh4 Re2 16. Rxe2 Bxe2 17. Re1 Re8 18. Ne4 Nxe4 19. Rxe2 Ng5 20. Rxe8 Qxe8 21. Qd2 h6 22. Bc1 Qe6 23. f4 Nh3+ 24. Kh1 g5 25. f5 Qf6 26. Bxh3 gxh4 27. g4 Qe5 28. Qf4 Bd6 29. Qxe5 Nxe5 30. Bf4 f6 31. Bxh6 Nxd3 32. Bg2 Nf2+ 33. Kg1 Nxg4 34. Bd5+ Kh7 35. Bd2 Bxh2+ 36. Kg2 b6 37. Bf3 Ne5 38. Kxh2 Nxf3+ 39. Kh3 Nxd2 40. Kxh4 Nxb3 0-1

[Event "AUT-ch Vor1 Internet"]
[Site "Playchess.com INT"]
[Date "2020.04.11"]
[Round "3"]
[White "Staudacher, Karl Heinz"]
[Black "Gallob, Marko"]
[Result "0-1"]
[WhiteElo "1734"]
[BlackElo "1961"]
[PlyCount "70"]
[EventDate "2020.04.11"]
[EventType "swiss (blitz)"]
[EventRounds "9"]
[EventCountry "AUT"]
[SourceTitle "CBM 195 Extra"]
[Source "ChessBase"]
[SourceDate "2020.05.31"]
[SourceVersion "1"]
[SourceVersionDate "2020.05.31"]
[SourceQuality "1"]

1. Nf3 Nf6 2. g3 g6 3. Bg2 Bg7 4. 0-0 0-0 5. c4 c5 6. Nc3 e6 7. b3 Nc6 8. Bb2 d5 9. d4 cxd4 10. Nxd4 a6 11. Nxc6 bxc6 12. cxd5 cxd5 13. Qc2 Bb7 14. Rfd1 Rc8 15. Qd3 Qa5 16. Rac1 Rc7 17. Na4 Rfc8 18. Bc3 Qb5 19. Qd4 Ne8 20. Qe3 Bxc3 21. Nxc3 Qa5 22. Na4 Nd6 23. Rxc7 Rxc7 24. Qf4 Nb5 25. e4 Nd4 26. Rxd4 Qe1+ 27. Bf1 a5 28. Qd2 Qb1 29. Nc3 Qa1 30. exd5 Rxc3 31. dxe6 Ba6 32. Rd8+ Kg7 33. Qd4+ Kh6 34. Qh4+ Kg7 35. exf7 Qxf1# 0-1

[Event "Wattens op 09th"]
[Site "Wattens"]
[Date "1994.??.??"]
[Round "1"]
[White "Staudacher, Karl Heinz"]
[Black "Sucher, Johannes"]
[Result "0-1"]
[WhiteElo "1675"]
[BlackElo "2130"]
[PlyCount "68"]
[EventDate "1994.??.??"]
[EventType "swiss"]
[EventRounds "9"]
[EventCountry "AUT"]
[SourceTitle "EXT 2000"]
[Source "ChessBase"]
[SourceDate "1999.11.16"]
[SourceVersion "1"]
[SourceVersionDate "1999.11.16"]
[SourceQuality "1"]

1. Nf3 g6 2. g3 Bg7 3. Bg2 Nf6 4. 0-0 0-0 5. d3 d5 6. Nbd2 Re8 7. e4 c5 8. e5 Ng4 9. Re1 Nc6 10. Qe2 Ngxe5 11. h3 Bf5 12. Nf1 Nxf3+ 13. Qxf3 Nd4 14. Qd1 c4 15. g4 Be6 16. dxc4 dxc4 17. Bxb7 Rb8 18. Bg2 Bd5 19. Ne3 Bxg2 20. Kxg2 Qc7 21. c3 Qc6+ 22. f3 Ne6 23. Kf2 Nf4 24. Rh1 e5 25. Kg3 e4 26. Nxc4 Qxc4 27. Bxf4 Rxb2 28. Re1 g5 29. Bxg5 Be5+ 30. Kh4 Rg2 31. f4 Qxc3 32. fxe5 Qg3+ 33. Kh5 Qxh3+ 34. Bh4 Rxe5+ 0-1